01626cam a22003735a 450000100090000000300090000900500170001800800410003502000250007604000920010104300120019308200240020510000410022924501420027026400670041226400100047930000510048933600260054033700280056633800270059450400520062165000740067365000570074765000460080465000490085065000640089965100100096365300350097365500240100870000310103294200120106399900170107595201600109217782231EG-ScBUE20220919093358.0130618t2013 ilua f b 001 0 eng d a9781611901207 (pbk.) aUKMGBbengerdacUKMGBdOCLCOdUABdYDXCPdBTCTAdCLEdOCLCFdDLCdEG-ScBUE dEG-ScBUE  an-us---04a720.470973bGOD2221 aGodschalk, David R.,eauthor.93926510aSustainable development projects :bintegrating design, development, and regulation /cDavid R. Godschalk, FAICP, Emil E. Malizia, FAICP. 1aChicago ;aWashington :bAmerican Planning Assocation,c[2013] 4cc2013 axii, 114 pages :bcolor illustrations ;c21 cm 2rdacontentatextbtxt 2rdamediaaunmediatedbn 2rdacarrieravolumebnc aIncludes bibliographical references and index.  7aReal estate developmentxEnvironmental aspectszUnited States.2BUEsh 7aSustainable urban developmentzUnited States.2BUEsh 7aSustainable designzUnited States.2BUEsh 7aSustainable buildingszUnited States.2BUEsh 7aCity planningxEnvironmental aspectszUnited States.2BUEsh 2BUEsh bENGARCcJuly2015cFebruary2016 vReading book9342321 aMalizia, Emil E.,eauthor. 2ddccBB c20337d20309 00102ddc40708BaccahaMAINbMAINc2NDd2015-07-09ePurchaseg360.00h21782l2m5o720.470973 GODp000039391r2025-11-19 00:00:00s2021-01-09v450.00yBB